000 00544nam a2200241 a 4500
001 nice12345678
003 IN_TiNIC
005 20260116012903.0
008 050524s1975 a grp 000 0 urd
020 _a
_c100
082 0 0 _a297.86
_bNAZI
100 _aNazeer, Khazi Mohammad
245 _aNuzool-E-Masih
260 _a
_b
_c1975
300 _a55p.
500 _aincludes index and biblioraphy
505 2 _aIndex
650 _aAhmadiyyah
700 1 _aNazeer, Khazi Mohammad
902 _bSRS
942 _cBK
999 _c8760
_d8760